Statistiques concernant Culture Générale - Série 1133

Cliquez ici pour prendre le quiz!

Statistiques générales

  • Ce quiz a été pris 56 fois
  • Le résultat moyen est 4 sur 10

Statistiques - réponses

QuestionRéponse% Correct
Comment traduit-on "ouvert, allumé, activé" en anglais ?on
87%
Comment traduit-on "fermé, éteint, désactivé"" en anglais ?off
87%
D'une vache qui met bas, on dit qu'elle...vêle
70%
Quelle est la capitale du Timor oriental ou Timor-Leste?Dili
55%
En 1982, quel acteur français incarne le "Danton" d'Andrzej Wajda ?Gérard Depardieu
45%
Chez la baleine, quel nom donne-t-on aux lames cornées du palais qui leur servent de filtre ?fanons
32%
A qui Georges Pompidou confie-t-il le poste de Premier ministre, après son élection en 1969 ?Jacques Chaban-Delmas
28%
Dans quel roman de Dostoïevski, le jeune prince Mychkine est-il le personnage principal, en 1868 ?L'Idiot
19%
Pendant l'Euro 2000, qui était le sélectionneur de l'équipe de France de football ?Roger Lemerre
19%
Quel est le prénom du peintre et sculpteur colombien Botero, célèbre pour ses personnages tout en rondeurs ?Fernando
4%

Distribution des résultats

Percentile par nombre de réponses

% des personnes avec chaque résultat

Votre développement - résultats

Vous n’avez pas pris ce quiz